Sports Quiz

Random Sports or NCAA Quiz

NCAA Sports by Season Quiz Stats

 Plays Quiz not verified by Sporcle

Challenge
Share
Tweet
Embed
Score 0/25 Timer 05:00
0 Plays Today
% Correct
Basketball
98.5%
Football
98%
Baseball
98%
Track and Field (indoor)
92%
Track and Field (outdoor)
92%
Lacrosse
90%
Swimming and Diving
87.1%
Soccer
86.6%
Softball
86.6%
Ice Hockey
85.6%
Tennis
80.6%
Volleyball (women's)
78.6%
Volleyball (men's)
78.6%
% Correct
Field Hockey
75.1%
Wrestling
74.6%
Cross Country
71.6%
Golf
67.2%
Gymnastics
58.2%
Water Polo (men's)
49.8%
Water Polo (women's)
49.8%
Rowing
47.8%
Bowling
39.3%
Fencing
35.3%
Skiing
34.3%
Rifle
30.8%

You're not logged in!

Compare scores with friends on all Sporcle quizzes.
OR
Log In

You Might Also Like...

Show Comments

Extras

Top Quizzes Today


Score Distribution

Your Account Isn't Verified!

In order to create a playlist on Sporcle, you need to verify the email address you used during registration. Go to your Sporcle Settings to finish the process.

Report this User

Report this user for behavior that violates our Community Guidelines.

Details: